| 000 | 00850nam a2200265 a 4500 | ||
|---|---|---|---|
| 001 | BRL_1705 | ||
| 005 | 20190320211330.0 | ||
| 008 | 270514s1942----mx-abe####---#000-0#spa-# | ||
| 041 | _aspa | ||
| 044 | _amx | ||
| 050 | 4 |
_aF1221.T6 _b.P35 1942 |
|
| 100 | 1 |
_aPalacios, Enrique Juan _912635 |
|
| 245 | 1 | 0 |
_aCultura totonaca _bel totonacapan y sus culturas precolombinas _cEnrique Juan Palacios. |
| 260 |
_aMéxico _bEl Nacional _c1942 |
||
| 300 |
_a196 p. _bil., mapas, planos _c20 cm. |
||
| 440 | 0 |
_aBiblioteca del Maestro _927683 |
|
| 500 | _aAu2137 | ||
| 500 | _aEstado físico: Sin lomo y las hojas se estan desprendiendo. | ||
| 504 | _aBibliografía: p. 152-157 | ||
| 650 | 1 | 4 |
_aTotonacas _926402 |
| 651 | 4 |
_aMéxico _xHistoria _yHasta 1519 _99704 |
|
| 710 | 2 |
_aDepartamenteo de asuntos indígenas _927684 |
|
| 902 | _aGRL | ||
| 942 |
_2lcc _cB |
||
| 999 |
_c10513 _d10513 |
||